000 00466nam a2200169Ia 4500
003 OSt
005 20250915104253.0
020 _a978-1-4018-1559-2
040 _cLC
050 _aKF 9219.3 .H 35 2004
_b1
100 _aDANIEL E. HALL
245 0 _aCRIMINAL LAW AND PROCEDURE
300 _aXXXi, 572 P, ILL
500 _aINCLUDES INDEX
650 _aCriminal procedure-United States Legal assistants, United States-Handbooks, manuals, etc
942 _cBK
_2lcc
_n0
999 _c165595
_d165595